[Event "Titled Tue 3rd Jun Early"]
[Site "chess.com INT"]
[Date "2025.06.03"]
[Round "5"]
[White "Materia, Marco"]
[Black "Nagare Kaivalya Sandip"]
[Result "1-0"]
[WhiteTitle "IM"]
[BlackTitle "FM"]
[WhiteElo "2489"]
[BlackElo "2321"]
[WhiteFideId "45150451"]
[BlackFideId "25957929"]
[EventDate "2025.06.03"]

1. Nf3 Nf6 2. c4 g6 3. Nc3 Bg7 4. d4 d5 5. Bf4 dxc4 6. e3 O-O 7. Bxc4 c5 8. dxc5
Qa5 9. O-O Qxc5 10. Bb3 Nc6 11. Rc1 Qh5 12. h3 Bf5 13. Qe2 Ne4 14. g4 Bxg4 15.
hxg4 Qxg4+ 16. Kh1 Nxc3 17. bxc3 Qh5+ 18. Kg2 e5 19. Bg3 Kh8 20. Rh1 Qf5 21. e4
Qd7 22. Rcd1 Qe7 23. Bh4 f6 24. Qe3 h5 25. Bg3 Kh7 26. Nh4 Bh6 27. Qf3 Qg7 28.
Nxg6 Qxg6 29. Rd7+ Kh8 30. Qxh5 Qxe4+ 31. Kh2 1-0

[Event "Titled Tue 3rd Jun Early"]
[Site "chess.com INT"]
[Date "2025.06.03"]
[Round "5"]
[White "Berezin, Viktor RUS"]
[Black "Dreelinck, Jacob"]
[Result "0-1"]
[WhiteTitle "FM"]
[BlackTitle "FM"]
[WhiteElo "1921"]
[BlackElo "2262"]
[WhiteFideId "4128869"]
[BlackFideId "250511"]
[EventDate "2025.06.03"]

1. e4 c5 2. Nf3 e6 3. d4 cxd4 4. Nxd4 Nc6 5. Nc3 Qc7 6. Nxc6 bxc6 7. Be3 Nf6 8.
Qd4 d5 9. exd5 cxd5 10. Bb5+ Bd7 11. Bxd7+ Qxd7 12. O-O-O Bd6 13. Bg5 Be7 14.
Rhe1 O-O 15. h4 Rfc8 16. h5 h6 17. Bf4 Rc4 18. Qe3 Ng4 19. Qg3 Rxf4 20. f3 Bg5
21. Kb1 Nf6 22. Ne2 Rb4 23. f4 Rab8 0-1

[Event "Titled Tue 3rd Jun Early"]
[Site "chess.com INT"]
[Date "2025.06.03"]
[Round "5"]
[White "Harshavardhan, G B"]
[Black "Zlatin, Alexander"]
[Result "1-0"]
[WhiteTitle "IM"]
[BlackTitle "FM"]
[WhiteElo "2441"]
[BlackElo "2306"]
[WhiteFideId "25059009"]
[BlackFideId "2810549"]
[EventDate "2025.06.03"]

1. e4 c5 2. Nf3 d6 3. d4 cxd4 4. Nxd4 Nc6 5. Nc3 Nf6 6. Bg5 Nd7 7. Nxc6 bxc6 8.
Be2 Qa5 9. Qd2 h6 10. Bh4 g5 11. Bg3 Bg7 12. h4 Nc5 13. hxg5 Bxc3 14. Qxc3 Qxc3+
15. bxc3 Nxe4 16. Bf4 e5 17. Be3 Nxc3 18. Bf3 e4 19. Rxh6 Rxh6 20. gxh6 Bf5 21.
Bh5 Ke7 22. Kd2 Nd5 23. g4 Nxe3 24. Kxe3 Bh7 25. Rb1 Kf6 26. Kf4 Bg6 27. g5+ Ke6
28. Bxg6 fxg6 29. Kxe4 Rf8 30. f4 d5+ 31. Kf3 Rf7 32. Rh1 Rh7 33. Re1+ Kd6 34.
Re8 d4 35. Rg8 c5 36. Rxg6+ Kd5 37. Rg7 Rh8 38. h7 c4 39. g6 d3 40. cxd3 cxd3
41. Ke3 Kc4 42. Rg8 Kc3 43. Rxh8 d2 44. Rc8+ Kb2 45. Kxd2 a5 46. h8=Q+ Ka3 47.
Qc3+ Ka4 48. Qb3# 1-0

[Event "Titled Tue 3rd Jun Early"]
[Site "chess.com INT"]
[Date "2025.06.03"]
[Round "5"]
[White "Galchenko, Matvey"]
[Black "Nepomniachtchi, Ian"]
[Result "0-1"]
[WhiteTitle "IM"]
[BlackTitle "GM"]
[WhiteElo "2442"]
[BlackElo "2757"]
[WhiteFideId "24175480"]
[BlackFideId "4168119"]
[EventDate "2025.06.03"]

1. e4 c5 2. c3 d6 3. d4 Nf6 4. Bd3 g6 5. Nf3 Bg7 6. h3 O-O 7. O-O cxd4 8. cxd4
e5 9. Be3 exd4 10. Nxd4 Nc6 11. Nc3 d5 12. Nxc6 bxc6 13. exd5 Nxd5 14. Nxd5 cxd5
15. Qd2 Rb8 16. Rab1 d4 17. Bf4 Rb6 18. Rbc1 Bb7 19. Rfe1 Qd5 20. f3 Qxa2 21.
Ra1 Qxb2 22. Qxb2 Rxb2 23. Rxa7 Bd5 24. Rd7 Be6 25. Ra7 Rb3 26. Rd1 h5 27. Ra5
Rc8 28. Be5 Rcc3 29. Be4 d3 30. Bxc3 Bxc3 31. Ra8+ Kg7 32. Rxd3 Rb1+ 33. Kf2
Rb2+ 34. Kg1 Rb1+ 35. Kf2 Be1+ 36. Ke3 Rb2 37. f4 Bc4 38. Bf3 Bf2+ 39. Ke4 f5+
40. Ke5 Bxd3 41. Rd8 Be4 42. Rd7+ Kh6 43. Bxe4 Re2 44. Kf6 Rxe4 0-1

[Event "Titled Tue 3rd Jun Early"]
[Site "chess.com INT"]
[Date "2025.06.03"]
[Round "5"]
[White "Murawski, Jan"]
[Black "Kholyavko, Mariya"]
[Result "0-1"]
[WhiteTitle "CM"]
[BlackTitle "WFM"]
[WhiteElo "2191"]
[BlackElo "2130"]
[WhiteFideId "21009287"]
[BlackFideId "13748505"]
[EventDate "2025.06.03"]

1. c4 Nf6 2. Nc3 e6 3. e4 d5 4. e5 Nfd7 5. d4 dxc4 6. Bxc4 c5 7. Nf3 cxd4 8.
Nxd4 Nxe5 9. Bb5+ Bd7 10. O-O Nbc6 11. Re1 a6 12. Bxc6 Nxc6 13. Nf5 Qa5 14. Qg4
O-O-O 15. Ne3 Ne5 16. Qg3 Bd6 17. Ne4 Bc7 18. Bd2 Qb6 19. Rac1 Kb8 20. Rxc7 Qxc7
21. Bb4 Bc6 22. Nd6 f6 23. Ndc4 Nd3 24. Qxc7+ Kxc7 0-1

[Event "Titled Tue 3rd Jun Early"]
[Site "chess.com INT"]
[Date "2025.06.03"]
[Round "5"]
[White "Golsta, Madara"]
[Black "Levano Loayza, Adriano Jaffet"]
[Result "0-1"]
[BlackTitle "CM"]
[WhiteElo "1999"]
[BlackElo "2049"]
[WhiteFideId "11607386"]
[BlackFideId "3865584"]
[EventDate "2025.06.03"]

1. e4 c5 2. Nf3 d6 3. d4 cxd4 4. Nxd4 Nf6 5. Nc3 Nc6 6. Bg5 e6 7. Qd2 a6 8. f3
Nxd4 9. Qxd4 Bd7 10. a4 Be7 11. Be2 Qc7 12. Be3 O-O 13. O-O Rfd8 14. Qb6 Qc8 15.
Rad1 Bc6 16. b4 d5 17. exd5 Nxd5 18. Nxd5 Bxd5 19. Bd3 Qc3 20. Rb1 Rac8 21. Bd4
Qc7 22. b5 Bc4 23. Bxc4 Qxc4 24. c3 e5 25. Bxe5 Bc5+ 0-1

[Event "Titled Tue 3rd Jun Early"]
[Site "chess.com INT"]
[Date "2025.06.03"]
[Round "5"]
[White "Gkavardinas, Antonios"]
[Black "Donchenko, Alexander"]
[Result "0-1"]
[WhiteTitle "FM"]
[BlackTitle "GM"]
[WhiteElo "2313"]
[BlackElo "2615"]
[WhiteFideId "25883097"]
[BlackFideId "24603295"]
[EventDate "2025.06.03"]

1. e4 c6 2. d4 d5 3. e5 c5 4. c3 Nc6 5. Nf3 Bf5 6. Bd3 Bxd3 7. Qxd3 e6 8. O-O a6
9. a3 cxd4 10. cxd4 Nge7 11. Nc3 Nf5 12. b4 Be7 13. Be3 O-O 14. Rac1 Qd7 15. Ne2
Rfc8 16. g4 Nxe3 17. fxe3 Na7 18. h4 Rxc1 19. Rxc1 Rc8 20. Rxc8+ Nxc8 21. g5 Nb6
22. Nf4 Qb5 23. Qxb5 axb5 24. Nd2 Nc4 25. Nxc4 bxc4 26. Ne2 h6 27. gxh6 g6 28.
Nc3 Bxh4 29. Kf1 Bg5 30. Ke2 Bxh6 31. e4 Bc1 32. exd5 Bxa3 33. d6 Bxb4 34. Na4
Kf8 0-1

[Event "Titled Tue 3rd Jun Early"]
[Site "chess.com INT"]
[Date "2025.06.03"]
[Round "5"]
[White "Arslanov, Shamil"]
[Black "Mikhailova, Irina"]
[Result "1-0"]
[WhiteTitle "IM"]
[BlackTitle "WGM"]
[WhiteElo "2410"]
[BlackElo "2143"]
[WhiteFideId "4192826"]
[BlackFideId "4109040"]
[EventDate "2025.06.03"]

1. d4 Nf6 2. f3 d5 3. e4 dxe4 4. Nc3 e3 5. Bxe3 g6 6. Qd2 Bg7 7. O-O-O O-O 8.
Bh6 c6 9. h4 Re8 10. h5 Bh8 11. hxg6 hxg6 12. Qg5 Nh7 13. Qg3 e5 14. dxe5 Qe7
15. Rd6 Bxe5 16. Rxg6+ fxg6 17. Qxg6+ Kh8 18. Bg7+ Qxg7 19. Qxe8+ Qg8 20. Qxe5+
Qg7 21. Qe8+ Qg8 22. Qh5 Be6 23. Bd3 1-0

[Event "Titled Tue 3rd Jun Early"]
[Site "chess.com INT"]
[Date "2025.06.03"]
[Round "5"]
[White "Paravyan, David"]
[Black "Kleimenov, Nikolay"]
[Result "1-0"]
[WhiteTitle "GM"]
[BlackTitle "CM"]
[WhiteElo "2596"]
[BlackElo "2198"]
[WhiteFideId "4194985"]
[BlackFideId "34414223"]
[EventDate "2025.06.03"]

1. d4 Nf6 2. c4 g6 3. f3 Bg7 4. e4 d6 5. Nc3 O-O 6. Be3 a6 7. Qd2 c5 8. Nge2
Nbd7 9. Nc1 Rb8 10. Nb3 Qc7 11. Be2 e5 12. dxc5 Nxc5 13. O-O Be6 14. Nxc5 dxc5
15. Rac1 Rfd8 16. Nd5 Bxd5 17. cxd5 b6 18. b4 Bf8 19. a4 Ne8 20. a5 Qb7 21. axb6
cxb4 22. Qa2 Ra8 23. Qa5 Rdc8 24. Rxc8 Qxc8 25. Rc1 Qb7 26. Rc6 Be7 27. Bc4 Nd6
28. Qxb4 Nf5 29. Bc5 Bxc5+ 30. Qxc5 Nd4 31. Rc7 Qb8 32. d6 Qd8 33. Bxf7+ Kf8 34.
Qxe5 1-0

[Event "Titled Tue 3rd Jun Early"]
[Site "chess.com INT"]
[Date "2025.06.03"]
[Round "5"]
[White "Tleukhanov, Yerlan"]
[Black "Reshetnikov, Alexey"]
[Result "0-1"]
[WhiteTitle "FM"]
[BlackTitle "IM"]
[WhiteElo "2169"]
[BlackElo "2492"]
[WhiteFideId "13749692"]
[BlackFideId "4162080"]
[EventDate "2025.06.03"]

1. c4 e6 2. Nf3 d5 3. g3 Nf6 4. Bg2 Be7 5. O-O O-O 6. b3 Nbd7 7. Bb2 c6 8. d4 b6
9. Nc3 Ba6 10. Ne5 Nxe5 11. dxe5 Nd7 12. cxd5 cxd5 13. e4 Bxf1 14. Kxf1 d4 15.
Nb5 Nxe5 16. Nxd4 Bc5 17. f4 Bxd4 18. Bxd4 Nc6 19. Bb2 Qxd1+ 20. Rxd1 Rfd8 21.
Ke2 Rxd1 22. Kxd1 Rd8+ 23. Ke2 Nb4 24. a4 Rc8 25. Ba3 Rc2+ 26. Kf1 Nd3 27. Bd6
Rb2 28. e5 Rxb3 29. Bc6 Rb2 30. h3 Rf2+ 31. Kg1 Ra2 32. Bb8 a6 33. Ba7 Nb4 34.
Bd7 Rd2 35. Bc8 Rd8 36. a5 bxa5 37. Bb7 Rd7 0-1

[Event "Titled Tue 3rd Jun Early"]
[Site "chess.com INT"]
[Date "2025.06.03"]
[Round "5"]
[White "Carlsson, Ludvig"]
[Black "Barrientos, Ernesto"]
[Result "1/2-1/2"]
[WhiteTitle "IM"]
[BlackTitle "CM"]
[WhiteElo "2374"]
[BlackElo "2027"]
[WhiteFideId "1727010"]
[BlackFideId "3701247"]
[EventDate "2025.06.03"]

1. c4 c5 2. g3 Nc6 3. Bg2 e5 4. Nc3 g6 5. d3 Bg7 6. Nf3 Nge7 7. Nd2 O-O 8. Nf1
d6 9. Ne3 Be6 10. Ned5 f5 11. Bg5 h6 12. Bxe7 Nxe7 13. f4 Kh7 14. O-O Nxd5 15.
Nxd5 Bxd5 16. Bxd5 exf4 17. gxf4 Qe7 18. Rb1 Qe3+ 19. Kh1 Rae8 20. b4 b6 21. Bf3
g5 22. fxg5 hxg5 23. bxc5 dxc5 24. Qe1 g4 25. Qh4+ Kg6 26. Bc6 Re7 27. Be4 Qg5
28. Qxg5+ Kxg5 29. h4+ Kxh4 30. Rxf5 Rxf5 31. Bxf5 Rxe2 32. Rg1 g3 33. Rg2 Re1+
34. Rg1 Re2 35. Rg2 Re1+ 36. Rg1 Re2 1/2-1/2

[Event "Titled Tue 3rd Jun Early"]
[Site "chess.com INT"]
[Date "2025.06.03"]
[Round "5"]
[White "Shandrygin, Nikita"]
[Black "Hungaski, Robert"]
[Result "1-0"]
[WhiteTitle "FM"]
[BlackTitle "GM"]
[WhiteElo "2209"]
[BlackElo "2477"]
[WhiteFideId "24198668"]
[BlackFideId "2021030"]
[EventDate "2025.06.03"]

1. e4 e6 2. d4 d5 3. Nd2 Nf6 4. e5 Nfd7 5. f4 c5 6. c3 f5 7. Ndf3 Be7 8. Bd3 b6
9. Ne2 Ba6 10. Bxa6 Nxa6 11. O-O c4 12. h3 h5 13. Ng5 Bxg5 14. fxg5 g6 15. Nf4
Kf7 16. Qf3 Nc7 17. g4 hxg4 18. hxg4 Rh4 19. Nxg6 Kxg6 20. gxf5+ Kh7 21. g6+ Kh8
22. f6 Qg8 23. g7+ Kh7 24. Bg5 Qf7 25. Bxh4 Qg6+ 26. Kh2 Qh6 27. Qg4 Rg8 28. Rf3
Ne8 29. Rh3 Nxg7 30. Bg5 Nh5 31. Rxh5 1-0

[Event "Titled Tue 3rd Jun Early"]
[Site "chess.com INT"]
[Date "2025.06.03"]
[Round "5"]
[White "Yevchenko, Oleksandr"]
[Black "Bustelo, Tabare"]
[Result "0-1"]
[WhiteTitle "CM"]
[BlackTitle "CM"]
[WhiteElo "2276"]
[BlackElo "2043"]
[WhiteFideId "14108267"]
[BlackFideId "3000362"]
[EventDate "2025.06.03"]

1. c4 e5 2. Nc3 f5 3. Nf3 e4 4. Nd4 d6 5. d3 c5 6. Nc2 Nf6 7. e3 Be7 8. b3 O-O
9. Bb2 Nbd7 10. dxe4 fxe4 11. Nd5 Nb6 12. Nxe7+ Qxe7 13. Be2 Be6 14. O-O Rad8
15. Qe1 d5 16. cxd5 Nbxd5 17. Rd1 a6 18. a4 Bg4 19. h3 Be6 20. Bc4 Qf7 21. Qe2
Qg6 22. Bxf6 Rxf6 23. Kh2 Qf5 24. Bxd5 Rxd5 25. b4 Rd3 26. bxc5 Bc4 27. Qg4 Qe5+ 0-1

[Event "Titled Tue 3rd Jun Early"]
[Site "chess.com INT"]
[Date "2025.06.03"]
[Round "5"]
[White "Gurel, Ediz"]
[Black "Tica, Sven"]
[Result "1-0"]
[WhiteTitle "GM"]
[BlackTitle "IM"]
[WhiteElo "2636"]
[BlackElo "2429"]
[WhiteFideId "44507356"]
[BlackFideId "14526948"]
[EventDate "2025.06.03"]

1. e4 g6 2. d4 Bg7 3. h4 h6 4. h5 g5 5. Nc3 d6 6. f4 gxf4 7. Bxf4 Nd7 8. Nf3 e5
9. dxe5 dxe5 10. Be3 c6 11. Bc4 Qc7 12. O-O Ngf6 13. Nh4 Nb6 14. Bb3 Bg4 15. Qe1
O-O-O 16. Nf5 Nxh5 17. Qh4 Bxf5 18. Rxf5 Nf4 19. Rxf7 Rd7 20. Qg4 Bf8 21. Rd1
Kd8 22. Qh4+ Ke8 23. Qf6 Rxd1+ 24. Nxd1 Qd6 25. Rxf8+ Qxf8 26. Qxe5+ Kd8 27.
Bxf4 Nd7 28. Qc7+ Ke8 29. Ne3 Rh7 30. Nf5 Qc5+ 31. Be3 Qe5 32. Qc8# 1-0

[Event "Titled Tue 3rd Jun Early"]
[Site "chess.com INT"]
[Date "2025.06.03"]
[Round "5"]
[White "Hossain, Enamul"]
[Black "Sarasketa Irastortza, Oier"]
[Result "1-0"]
[WhiteTitle "GM"]
[BlackTitle "CM"]
[WhiteElo "2348"]
[BlackElo "2190"]
[WhiteFideId "10200649"]
[BlackFideId "54728207"]
[EventDate "2025.06.03"]

1. d4 Nf6 2. c4 e6 3. Nc3 Bb4 4. a3 Bxc3+ 5. bxc3 c5 6. e3 O-O 7. Bd3 Nc6 8. Ne2
b6 9. e4 Ne8 10. O-O Ba6 11. Be3 Na5 12. f4 f5 13. exf5 exf5 14. dxc5 bxc5 15.
Bxc5 d6 16. Bb4 Nxc4 17. Nd4 Qb6 18. Qe2 Rc8 19. Kh1 g6 20. Rfe1 Ng7 21. a4 Rfe8
22. Qa2 Kh8 23. a5 Qc7 24. h3 d5 25. Qf2 Bb7 26. Qh4 Qd8 27. Be7 Qd7 28. Bf6 Kg8
29. Nf3 1-0

[Event "Titled Tue 3rd Jun Early"]
[Site "chess.com INT"]
[Date "2025.06.03"]
[Round "5"]
[White "Moghaddamian, Afshin"]
[Black "Moro Saidon, Gonzalo"]
[Result "1-0"]
[WhiteTitle "CM"]
[WhiteElo "2126"]
[BlackElo "2100"]
[WhiteFideId "12503886"]
[BlackFideId "140082"]
[EventDate "2025.06.03"]

1. Nf3 Nf6 2. g3 g6 3. Bg2 Bg7 4. O-O O-O 5. c4 d5 6. cxd5 Nxd5 7. d4 Nc6 8. e4
Nb6 9. d5 Na5 10. Qe1 Nac4 11. Nc3 e6 12. a4 exd5 13. a5 d4 14. Nb5 Nd7 15. Bg5
f6 16. Bf4 Nde5 17. Nbxd4 c5 18. Bxe5 fxe5 19. Nb5 Be6 20. b3 Nb2 21. Qc3 a6 22.
Na3 Bg4 23. Nxe5 Nd3 24. Qc4+ Kh8 25. Nxg4 h5 26. Rad1 hxg4 27. Rxd3 Bd4 28. Nc2
Qxa5 29. Nxd4 1-0

[Event "Titled Tue 3rd Jun Early"]
[Site "chess.com INT"]
[Date "2025.06.03"]
[Round "5"]
[White "Grabinsky, Vladimir"]
[Black "Lopez Abreu, Michel Samuel"]
[Result "1-0"]
[WhiteTitle "IM"]
[BlackTitle "FM"]
[WhiteElo "2192"]
[BlackElo "2038"]
[WhiteFideId "14107074"]
[BlackFideId "3927903"]
[EventDate "2025.06.03"]

1. e4 e6 2. Nf3 d5 3. e5 c5 4. b4 Nc6 5. b5 Nb8 6. c3 Ne7 7. d4 c4 8. h4 h5 9.
a4 a6 10. Ba3 Nf5 11. Bxf8 Kxf8 12. Na3 Bd7 13. Ng5 axb5 14. Nxb5 Qa5 15. Rc1
Qxa4 16. Nd6 Qxd1+ 17. Rxd1 Nxd6 18. exd6 Ra6 19. Rh3 Rxd6 20. Rf3 f6 21. Ra1
Ke7 22. Nh3 Ra6 23. Rb1 b5 24. Nf4 Rb6 25. Ng6+ Kf7 26. Nxh8+ Kg8 27. Ng6 Kf7
28. Ne5+ Ke7 29. Nxd7 Kxd7 30. Rg3 1-0

[Event "Titled Tue 3rd Jun Early"]
[Site "chess.com INT"]
[Date "2025.06.03"]
[Round "5"]
[White "Buscar, Michael"]
[Black "Scheglov, Gleb"]
[Result "0-1"]
[BlackTitle "FM"]
[WhiteElo "2016"]
[BlackElo "2318"]
[WhiteFideId "2603616"]
[BlackFideId "34356266"]
[EventDate "2025.06.03"]

1. d4 d5 2. c4 dxc4 3. e3 Nf6 4. Bxc4 e6 5. Nf3 a6 6. O-O c5 7. Nc3 b5 8. Be2
Bb7 9. a3 Nbd7 10. dxc5 Bxc5 11. b4 Be7 12. Bb2 O-O 13. Qb3 Qb6 14. Rfd1 Rfd8
15. Rac1 Rac8 16. Nd4 Ne5 17. Bf1 Nc4 18. Ba1 Bd6 19. a4 Bxh2+ 20. Kxh2 Qc7+ 21.
Kg1 Ng4 22. g3 Qe5 23. Bg2 Qh5 24. Kf1 Bxg2+ 25. Kxg2 Qh2+ 26. Kf3 Qxf2+ 27.
Kxg4 Nxe3+ 28. Kh3 Qg2+ 29. Kh4 Qh2+ 30. Kg5 Qh6# 0-1

[Event "Titled Tue 3rd Jun Early"]
[Site "chess.com INT"]
[Date "2025.06.03"]
[Round "5"]
[White "Silva Lucena, Cristian"]
[Black "Rubio, Lloyd"]
[Result "0-1"]
[WhiteTitle "FM"]
[WhiteElo "2257"]
[BlackElo "2167"]
[WhiteFideId "2232588"]
[BlackFideId "5210453"]
[EventDate "2025.06.03"]

1. c4 Nf6 2. Nc3 g6 3. g3 Bg7 4. Bg2 O-O 5. Nf3 d6 6. O-O Nc6 7. d4 a6 8. d5 Na5
9. Nd2 c5 10. dxc6 Nxc6 11. b3 d5 12. c5 Bf5 13. Bb2 e6 14. Na4 Ne4 15. Bxg7
Kxg7 16. h3 h5 17. Nf3 Qf6 18. Nb6 Rad8 19. Na4 e5 20. Nh4 d4 21. Nxf5+ Qxf5 22.
Bxe4 Qxe4 23. Qd3 Qd5 24. Rac1 e4 25. Qc4 Qe5 26. Rfd1 h4 27. g4 e3 28. Rd3 Qf4
29. Rf1 Ne5 30. fxe3 Qg3+ 0-1

[Event "Titled Tue 3rd Jun Early"]
[Site "chess.com INT"]
[Date "2025.06.03"]
[Round "5"]
[White "Jasinski, Alexander"]
[Black "Jake Shanty"]
[Result "0-1"]
[BlackTitle "FM"]
[WhiteElo "1964"]
[BlackElo "2252"]
[WhiteFideId "55627994"]
[BlackFideId "33478066"]
[EventDate "2025.06.03"]

1. e4 d6 2. d4 Nf6 3. Nc3 g6 4. Nf3 Bg7 5. h3 O-O 6. Be3 Nbd7 7. Be2 e5 8. dxe5
Nxe5 9. Nxe5 dxe5 10. O-O c6 11. Qxd8 Rxd8 12. Rfd1 Be6 13. f3 Nd7 14. Na4 Bf8
15. b3 b5 16. Nb2 Bc5 17. Kf2 a5 18. Nd3 Bxe3+ 19. Kxe3 f6 20. c3 Kf7 21. g4 Ke7
22. Rd2 a4 23. b4 Nb6 24. Nc5 Bc4 25. Rad1 Rxd2 26. Rxd2 a3 27. Kf2 Ra7 28. Bxc4
Nxc4 29. Rd1 Nb6 30. h4 Ra8 31. Ke2 Rh8 32. g5 fxg5 33. hxg5 h5 34. gxh6 Rxh6
35. Kd3 Nc4 36. Rg1 Rh2 37. Rd1 Nb2+ 0-1

[Event "Titled Tue 3rd Jun Early"]
[Site "chess.com INT"]
[Date "2025.06.03"]
[Round "5"]
[White "Sabatier, Mathis"]
[Black "Vidal Melendez, Ismael David"]
[Result "0-1"]
[WhiteTitle "CM"]
[BlackTitle "FM"]
[WhiteElo "2235"]
[BlackElo "2294"]
[WhiteFideId "26029685"]
[BlackFideId "3901718"]
[EventDate "2025.06.03"]

1. e4 c5 2. Nf3 e6 3. c3 d5 4. e5 Nc6 5. d4 Nh6 6. Bxh6 gxh6 7. Be2 Qb6 8. Qd2
Rg8 9. O-O Bd7 10. Na3 cxd4 11. cxd4 Qb4 12. Qxb4 Bxb4 13. Nb5 Rc8 14. a3 Be7
15. b4 a6 16. Nd6+ Bxd6 17. exd6 f6 18. b5 axb5 19. Bxb5 Kf7 20. Rfe1 Rg4 21. a4
Rd8 22. Rad1 Re4 23. Bd3 Rxe1+ 24. Rxe1 Kg7 25. Rb1 Na5 26. h3 Bc6 27. Bb5 Rxd6
28. Bxc6 Rxc6 29. Rb5 b6 30. Kh2 Nc4 31. Rb3 Kf7 32. Rb2 Nxb2 0-1

[Event "Titled Tue 3rd Jun Early"]
[Site "chess.com INT"]
[Date "2025.06.03"]
[Round "5"]
[White "Ilinca, Felix-Antonio"]
[Black "Chiang, Jacob"]
[Result "1-0"]
[WhiteTitle "IM"]
[WhiteElo "2420"]
[BlackElo "2006"]
[WhiteFideId "54764998"]
[BlackFideId "30962331"]
[EventDate "2025.06.03"]

1. d4 Nf6 2. Nc3 d5 3. Bf4 Bf5 4. f3 Bg6 5. Qd2 e6 6. h4 Bd6 7. O-O-O a5 8. g4
h5 9. g5 Nfd7 10. Bxd6 cxd6 11. e4 dxe4 12. fxe4 Nc6 13. Nf3 O-O 14. Kb1 a4 15.
a3 d5 16. exd5 exd5 17. Bd3 Nb6 18. Rhe1 Qd7 19. Ne5 Nxe5 20. Rxe5 Qd6 21. Rde1
Rad8 22. Qd1 Nc4 23. Rxd5 Nxa3+ 24. bxa3 Qxa3 25. Rxd8 Qb4+ 26. Ka2 Rxd8 27. Nd5
Qd6 28. Ne7+ Kh8 29. Nxg6+ fxg6 30. Re4 Qb4 31. Qe1 Qxe1 32. Rxe1 Rd6 33. c3 Kg8
34. Re7 Rc6 35. Rxb7 Rxc3 36. Bxg6 Kf8 37. d5 Rc4 38. d6 Rd4 39. Rb8# 1-0

[Event "Titled Tue 3rd Jun Early"]
[Site "chess.com INT"]
[Date "2025.06.03"]
[Round "5"]
[White "Sabarez, Iulian"]
[Black "Demin, Vladimir"]
[Result "0-1"]
[WhiteTitle "CM"]
[BlackTitle "IM"]
[WhiteElo "2023"]
[BlackElo "2430"]
[WhiteFideId "1251813"]
[BlackFideId "4167457"]
[EventDate "2025.06.03"]

1. Nf3 d5 2. d4 Nf6 3. e3 c5 4. h3 Nc6 5. Bb5 cxd4 6. exd4 Bf5 7. O-O a6 8.
Bxc6+ bxc6 9. c4 e6 10. c5 Be7 11. Ne5 Rc8 12. Qa4 O-O 13. Nxc6 Qd7 14. Nxe7+
Qxe7 15. Bf4 Qb7 16. b4 Ne4 17. Rc1 g5 18. Bh2 Rfe8 19. Na3 Qe7 20. f3 Nd2 21.
Rd1 Nc4 22. Nxc4 dxc4 23. Qxa6 Bd3 24. b5 Qd7 25. Bd6 h5 26. a4 g4 27. hxg4 hxg4
28. a5 gxf3 29. Qb6 e5 30. Bxe5 Rxe5 31. c6 Qg4 32. Rd2 Be2 33. Kf2 Qxg2+ 34.
Ke1 Qg1# 0-1

[Event "Titled Tue 3rd Jun Early"]
[Site "chess.com INT"]
[Date "2025.06.03"]
[Round "5"]
[White "Deng, Henry"]
[Black "Uzuner, Tufan Can"]
[Result "1-0"]
[WhiteTitle "FM"]
[BlackTitle "CM"]
[WhiteElo "2327"]
[BlackElo "1886"]
[WhiteFideId "30965454"]
[BlackFideId "6300499"]
[EventDate "2025.06.03"]

1. Nf3 d5 2. b3 c5 3. Bb2 d4 4. e3 Nc6 5. Bb5 dxe3 6. fxe3 Nf6 7. O-O e6 8. Ne5
Bd7 9. Bxc6 Bxc6 10. Nxc6 bxc6 11. d3 Be7 12. Qf3 Rc8 13. Nd2 O-O 14. Nc4 Qd5
15. e4 Qh5 16. Qg3 Qg6 17. Qh3 Qg4 18. Qe3 Rfd8 19. h3 Qh5 20. Qg3 Qg6 21. Qf3
Nd7 22. Rae1 Bf6 23. Bxf6 Nxf6 24. Ne5 Qh5 25. Qxh5 Nxh5 26. Rxf7 Rf8 27. Ref1
Rxf7 28. Rxf7 a5 29. Ra7 Nf6 30. Rxa5 Ne8 31. Rxc5 Nd6 32. Rxc6 Rd8 33. a4 h6
34. a5 Kh7 35. a6 Nb5 36. Rxe6 Nd4 37. Re7 Nxc2 38. a7 Ra8 39. Nc4 Nd4 40. Nb6
Nc6 41. Nxa8 Nxe7 42. Nb6 1-0

[Event "Titled Tue 3rd Jun Early"]
[Site "chess.com INT"]
[Date "2025.06.03"]
[Round "5"]
[White "Demchenko, Anton"]
[Black "Arabidze, Meri"]
[Result "1-0"]
[WhiteTitle "GM"]
[BlackTitle "IM"]
[WhiteElo "2619"]
[BlackElo "2440"]
[WhiteFideId "4160258"]
[BlackFideId "13604040"]
[EventDate "2025.06.03"]

1. e4 e5 2. Nf3 Nc6 3. Bc4 Bc5 4. d3 Nf6 5. Bg5 d6 6. c3 h6 7. Bh4 g5 8. Bg3 Bg4
9. Nbd2 Qd7 10. b4 Bb6 11. h3 Be6 12. a4 a5 13. b5 Nd8 14. Qe2 Bxc4 15. Nxc4 Ne6
16. d4 Nh5 17. O-O-O Nhf4 18. Qc2 exd4 19. cxd4 d5 20. exd5 Qxd5 21. Bxf4 gxf4
22. Rhe1 O-O 23. Re5 Qd8 24. Qe4 c6 25. Kb1 Rb8 26. h4 Bc7 27. Rh5 Qf6 28. Nfe5
Bxe5 29. Nxe5 cxb5 30. Ng4 Qg6 31. Nxh6+ Kg7 32. Nf5+ Kf6 33. Rh6 bxa4 34. Qe5# 1-0

[Event "Titled Tue 3rd Jun Early"]
[Site "chess.com INT"]
[Date "2025.06.03"]
[Round "5"]
[White "Horobetz, Graham"]
[Black "Sagalchik, Gennadij"]
[Result "1-0"]
[BlackTitle "GM"]
[WhiteElo "2250"]
[BlackElo "2434"]
[WhiteFideId "2047322"]
[BlackFideId "2007916"]
[EventDate "2025.06.03"]

1. e4 c5 2. Nf3 e6 3. d4 cxd4 4. Nxd4 a6 5. Bd3 Bc5 6. Nb3 Be7 7. O-O d6 8. a4
Nf6 9. Na3 O-O 10. Qe2 Nc6 11. Bd2 Ne5 12. Kh1 Bd7 13. a5 Bc6 14. Nd4 Nxd3 15.
cxd3 d5 16. e5 Nd7 17. b4 Qb8 18. f4 Rc8 19. Rac1 Ba4 20. Rxc8+ Qxc8 21. f5 Nf8
22. f6 gxf6 23. exf6 Bd6 24. Qg4+ Ng6 25. h4 Be5 26. h5 Qf8 27. hxg6 hxg6 28.
Qh4 Rc8 29. Bh6 Bg3 30. Qh3 Qxb4 31. Bg7 1-0